000 00627nam a2200241Ia 4500
005 20260430150022.0
008 008 250103s9999 xx 000 0 eng d
037 _aTheses
040 _aCRL
040 _beng
040 _ceng
041 _2eng
041 _aeng
084 _qCRL
100 _aSingh Kamal Au.; Raj Kumar Gu.
_91236212
245 0 _aIndoor air pollution exposure and asthama in Children
260 _c2022
300 _a159p.
650 _aMedicine
700 _aUniversity of Delhi. Faculty of Medical Sciences. Department of Pulmonary Medicine
942 _cTH
999 _c1848741
_d1848741